Statistiques concernant Films Américains de A à Z - 2

Cliquez ici pour prendre le quiz!

Statistiques générales

  • Ce quiz a été pris 258 fois
  • Le résultat moyen est 9 sur 26

Statistiques - réponses

LettreIndiceRéponse% Correct
APetits hommes bleues sur une planète proche de la terreAvatar
88%
FLa vie c'est comme une boite de chocolat...Forrest Gump
78%
KPrimate le plus connu du cinémaKing Kong
74%
CEmma stone dans un des rôle de méchant disney les plus iconiquesCruella
73%
EJohny Depp en mode WolverineEdward aux mains d'argent
66%
MWill Smith combat des extraterrestreMen in Black
62%
IChristopher Nolan 2014Interstellar
54%
OGeorge Clooney, Brad Pitt, Kulia Roberts et Matt Damon y jouentOcean's Eleven
50%
SBugs Bunny joue au basketSpace Jam
48%
DAprès la vision d'un crash d'avion, quelques jeunes fuient la mort qui leur court aprèsDestination finale
41%
LRoad movie sur le thème des concours de mini missLittle Miss Sunshine
35%
XRemake en 2017 avec Vin DieselXXX
34%
JQuadrilogie sur un tueur à gage très résistant aux ballesJohn Wick
32%
QNom d'un film de James BondQuantum of Solace
29%
BUn couple ordinaire devient fantôme et doivent désormais hanter leur propre maisonBeetlejuice
26%
ZFilm de David Finsher avec Robert Downey JrZodiac
26%
RIl débarque en 1955 et joue du rock sur scèneRetour vers le futur
24%
VRéalisé par Miloš Forman avec Jack NicholsonVol au-dessus d'un nid de coucou
23%
UEn anglais "The Groundhog day"Un jour sans fin
19%
GUn jeune homme doit rencontrer sa belle famille lors d'un diner… ça ne se passe pas comme prévuGet Out
18%
TFilm marquant du nouvel Hollywood, réalisé par Martin ScorseseTaxi Driver
12%
HFilm traitant de la cinématographie de George Méliès réalisé par ScorseseHugo Cabret
11%
NL'acteur de "Better Call Saul" casse des gueulesNobody
9%
YFilm parodique réalisé par les frères ZuckerY a-t-il un pilote dans l'avion ?
5%
PEchoués sur une planète, seul un membre de l'équipage peut voir dans le noir.Pitch Black
2%
WFilm de 2022 sur les Amazones du Dahomey contre les colons FrançaisThe Woman King
1%

Distribution des résultats

Percentile par nombre de réponses

% des personnes avec chaque résultat

Votre développement - résultats

Vous n’avez pas pris ce quiz